Etiqueta de registo: 00254nam 2200025 450
001 2283694
003 http://id.bnportugal.gov.pt/bib/catbnp/2283694
010 ## $a978-989-33-7655-3$z978-989-334451
021 ## $aPT$b548666/25
100 ## $a20260406d2025 m y0pory01030103ba
101 0# $apor
102 ## $aPT
105 ## $aa z 000gy
106 ## $ar
200 1# $a O tempo do silêncio em teu olhar$fJosé Carlos Barbosa$gil. Liliana Barbosa
210 #9 $aViana do Castelo$c[s.n.],$d2025
215 ## $a65, [2] p.$cil.$d23 cm
675 ## $a821.134.3-1"20"$vBN$zpor$31023893
700 #1 $92$aBarbosa,$bJosé Carlos$31994763
702 #1 $aBarbosa,$bLiliana$4440$31618185
801 #0 $aPT$bBN$gRPC
856 41 $uhttp://rnod.bnportugal.gov.pt/ImagesBN/winlibimg.aspx?skey=&doc=2283694&img=221662&save=true
900 ## $aBIBNAC$d20260430
966 ## $lBN$mFGMON$sL. 181500 V.$x1
966 ## $lBN$mFGMON$sL. 181500 V.-D$x1
971 ## $cisantos$d20260406
972 ## $e0$z0$d20260430$vasantos
973 ## $cigoulao$d20260423
Etiqueta de registo: 00254nam 2200025 450
001 2283765
003 http://id.bnportugal.gov.pt/bib/catbnp/2283765
010 ## $a978-989-33-4451-4
021 ## $aPt$b515766/23
100 ## $a20260407d2023 m y0pory01030103ba
101 0# $apor
102 ## $aPT
105 ## $aa z 000gy
106 ## $ar
200 1# $aÁguas escorrem por um fio - 50 poemas$fJosé Carlos Barbosa$gil. Liliana Barbosa
210 #9 $aViana do Castelo$c[s.n.],$d2023
215 ## $a75 p.$cil.$d23 cm
675 ## $a821.134.3-1"20"$vBN$zpor$31023893
700 #1 $92$aBarbosa,$bJosé Carlos$31994763
702 #1 $aBarbosa,$bLiliana$4440$31618185
801 #0 $aPT$bBN$gRPC
856 41 $uhttp://rnod.bnportugal.gov.pt/ImagesBN/winlibimg.aspx?skey=&doc=2283765&img=221982&save=true
900 ## $aBIBNAC$d20260511
966 ## $lBN$mFGMON$sL. 181671 V.$x1
966 ## $lBN$mFGMON$sL. 181671 V.-D$x1
971 ## $cssilva$d20260407
972 ## $e0$z0$d20260511$vlrevez
973 ## $cigoulao$d20260429
975 ## $e0$d20260519$viquintas